Harapan masih bersemi
| Main Author: | |
|---|---|
| Format: | Book |
| Published: |
Kuala Lumpur :
DBP ,
1993
|
| Subjects: |
MARC
| LEADER | 00000cam a2200000 7i4500 | ||
|---|---|---|---|
| 001 | 0000006284 | ||
| 002 | 000006786 | ||
| 005 | 20000330.0 | ||
| 020 | |a 9836238530 | ||
| 090 | 0 | 0 | |a F |b TUA |
| 100 | 0 | |a Tuan Faridah Syed Abdullah | |
| 245 | 1 | 0 | |a Harapan masih bersemi |c Tuan Faridah Syed Abdullah |
| 260 | |a Kuala Lumpur : |b DBP , |c 1993 | ||
| 300 | |a 211p. ; |c 18cm. | ||
| 650 | 0 | 0 | |a Malay fiction |
| 999 | |a 039275 |b BUKU |c FICTION |e PERPUSTAKAAN KOMUNITI PETALING JAYA | ||
| 999 | |a 039276 |b BUKU |c FICTION |e PERPUSTAKAAN KOMUNITI PETALING JAYA | ||